Caligrafía dominicana 8 / (Registro nro. 9747)

Detalles MARC
000 -LIDER
fixed length control field 00752nam a2200229 a 4500
001 - NÚMERO DE CONTROL
Identificador de número de control 0000275
003 - IDENTIFICACDOR DE NÚMERO DE CONTROL
control field DO-SdBNP
005 - DATE AND TIME OF LATEST TRANSACTION
control field 20180313094438.0
007 - CAMPOS FIJOS DE DESCRIPCIÓN FÍSICA
fixed length control field 0000275
008 - ELEMENTOS DE LONGITUD FIJA
fixed length control field 150826s2013 dr a 000 0 spa d
040 ## - FUENTE DE CATALOGACIÓN
Agencia que crea de manera original el registro BPMSU
Idioma de catalogación spa
Agencia que realiza la transcripción BPMSU
082 ## - NÚMERO DE CLASIFICACIÓN DECIMAL DE DEWEY
Classification number 372.634
Item number M779c, 8vo. 2013
100 1# - ASIENTO PRINCIPAL -- NOMBRE PERSONAL
Nombre personal Monte de Oca y Boyer, Aleyda
245 10 - MENCIÓN DE TITULO
Título Caligrafía dominicana 8 /
Subtítulo [educación básica]
Mención de responsabilidad Aleyda Monte de Oca y Boyer,Ysabel Ernestina Pacheco Tavárez.
260 ## - PUBLICACIÓN, DISTRIBUCIÓN, ETC. (PIE DE IMPRENTA)
Lugar de publicación, distribución, etc Santo Domingo :
Nombre del editor, distribuidor, etc. Instituto Técnico Saleciano (ITESA),
Fecha de publicación, distribución, etc 2013.
300 ## - DESCRIPCIÓN FÍSICA
Extensión 68 p. :
Otros detalles físicos il. ;
Dimensiones 30 cm.
700 1# - ASIENTO SECUNDARIO -- NOMBRE PERSONAL
Nombre personal Pacheco Tavárez, Ysabel Ernestina
910 ## - VALIDACIÓN
Validación 00144
942 ## - ADDED ENTRY ELEMENTS (KOHA)
Source of classification or shelving scheme Dewey Decimal Classification
Koha item type Libros
945 ## - INFORMACIÓN DE PROCESAMIENTO LOCAL
Información de procesamiento local Remanejado para la Bib. BNPHU, 2018/ YL
956 ## - LOCAL ELECTRONIC LOCATION AND ACCESS (OCLC)
Nombre de host Yngrid Lockward
Número de acceso 10
Existencias
Withdrawn status Lost status Source of classification or shelving scheme Damaged status Not for loan Collection code Home library Current library Date acquired Source of acquisition Total Checkouts Full call number Barcode Date last seen Price effective from Koha item type
    Dewey Decimal Classification     Colección Escolar Biblioteca Pública Metropolitana Salomé Ureña Biblioteca Pública Metropolitana Salomé Ureña 04/13/2016 Donación   372.634 M779c, 8vo. 2013 BPMSU16040398 04/13/2016 04/13/2016 Libros